000 01212nam a2200277 4500
001 122595
003 ES-MaACL
005 20231212062554.0
007 t|
008 070214s1969 sp r ||||1| spa d
245 0 0 _aProblemas actuales de la cultura superior.
260 _aValladolid :
_bUniversidad,
_c1969.
300 _a144 p. ;
_c21 cm.
505 8 _aContiene: El saber histórico y el presente / Luis Díez del Corral . El saber científico y la Historia / Pedro Laín Entralgo . Fe y ciencia después del Concilio Vaticano / Alberto Dou Maxdexexás, S. J. . Las tendencias actuales del saber y el horizonte de la Filosofía / Julián Marías
700 1 _aDíez del Corral, Luis.
_944718
700 1 _aLaín Entralgo, Pedro,
_d1908-2001
_969681
700 1 _aDou, Alberto.
_945470
700 1 _aMarías, Julián,
_d1914-2005
_976688
710 2 _aUniversidad de Valladolid.
_97332
740 0 _aEl saber histórico y el presente.
740 0 _aEl saber científico y la Historia.
740 0 _aFe y ciencia después del Concilio Vaticano.
740 0 _aLas tendencias actuales del saber y el horizonte de la Filosofía.
852 _aES-MaACL
_jC-36088
_bR.69355
999 _c122595
_d122595